[Event "Wiesbaden op 25th"]
[Site "Wiesbaden"]
[Date "2013.08.22"]
[Round "1"]
[White "Roth, Michael"]
[Black "Zeyer, Oliver"]
[Result "0-1"]
[WhiteElo "1607"]
[BlackElo "2001"]
[PlyCount "56"]
[EventDate "2013.08.22"]
[EventType "swiss"]
[EventRounds "7"]
[EventCountry "GER"]
[SourceTitle "EXT 2014"]
[Source "ChessBase"]
[SourceDate "2013.11.20"]
[SourceVersion "1"]
[SourceVersionDate "2013.11.20"]
[SourceQuality "1"]

1. e4 c5 2. Nf3 Nc6 3. Bc4 e6 4. c3 d6 5. d4 cxd4 6. cxd4 Nf6 7. Bg5 Be7 8. Nc3 a6 9. Bxf6 Bxf6 10. Qd2 0-0 11. 0-0-0 b5 12. Bd3 Nxd4 13. Nxd4 Bxd4 14. Qc2 e5 15. Kb1 Be6 16. Nd5 Rc8 17. Qd2 f5 18. Ne3 fxe4 19. Bxe4 d5 20. Bc2 Qf6 21. Qd3 g6 22. Rd2 Rc5 23. h4 Rfc8 24. h5 Bxe3 25. fxe3 Bf5 26. Rf1 Bxd3 27. Rxf6 Rxc2 28. Rxc2 Rxc2 0-1

[Event "Wiesbaden op 24th"]
[Site "Wiesbaden"]
[Date "2012.08.26"]
[Round "6"]
[White "Gutacker, Stephan"]
[Black "Zeyer, Oliver"]
[Result "1/2-1/2"]
[WhiteElo "1951"]
[BlackElo "1976"]
[PlyCount "101"]
[EventDate "2012.08.23"]
[EventType "swiss"]
[EventRounds "7"]
[EventCountry "GER"]
[SourceTitle "CBM 150 Extra"]
[Source "ChessBase"]
[SourceDate "2012.10.19"]
[SourceVersion "1"]
[SourceVersionDate "2012.10.19"]
[SourceQuality "1"]

1. e4 g6 2. d4 Bg7 3. Nf3 d6 4. Bc4 Nf6 5. Nc3 0-0 6. 0-0 a6 7. a4 Bg4 8. h3 Bxf3 9. Qxf3 Nbd7 10. Qe2 c5 11. e5 Ne8 12. e6 fxe6 13. Bxe6+ Kh8 14. Bxd7 Qxd7 15. dxc5 dxc5 16. Bg5 Nf6 17. Rad1 Qf5 18. Bh4 Rae8 19. g4 Qf4 20. Rd3 Qb4 21. b3 c4 22. Re3 cxb3 23. cxb3 e5 24. Bxf6 Bxf6 25. Nd5 Qc5 26. Nxf6 Rxf6 27. Re1 Ref8 28. Rf1 Qd5 29. Rd1 Qf7 30. Rd2 Qc7 31. Qd3 Qc1+ 32. Rd1 Qc5 33. Rd2 R8f7 34. Rde2 Qc1+ 35. Kg2 Qc5 36. Qc3 Qd5+ 37. Kg3 Kg8 38. f3 h6 39. Rd2 Rxf3+ 40. Rxf3 Rxf3+ 41. Qxf3 Qxd2 42. Qxb7 Qf4+ 43. Kg2 Qd2+ 44. Kg1 Qe1+ 45. Kh2 Qf2+ 46. Kh1 Qf1+ 47. Kh2 Qf2+ 48. Kh1 Qf1+ 49. Kh2 Qe2+ 50. Kg3 e4 51. Qd5+ 1/2-1/2

[Event "Boeblingen op 26th"]
[Site "Boeblingen"]
[Date "2009.12.30"]
[Round "8"]
[White "Schulte, Torsten"]
[Black "Zeyer, Oliver"]
[Result "1-0"]
[WhiteElo "2167"]
[BlackElo "1881"]
[PlyCount "67"]
[EventDate "2009.12.26"]
[EventType "swiss"]
[EventRounds "9"]
[EventCountry "GER"]
[SourceTitle "CBM 134 Extra"]
[Source "ChessBase"]
[SourceDate "2010.03.03"]
[SourceVersion "1"]
[SourceVersionDate "2010.03.03"]
[SourceQuality "1"]

1. d4 Nf6 2. c4 c5 3. Nf3 cxd4 4. Nxd4 g6 5. Nc3 Bg7 6. e4 d6 7. Be2 Nc6 8. Be3 0-0 9. 0-0 Bd7 10. Nc2 Rc8 11. f3 Be6 12. Qd2 a5 13. Rac1 Nd7 14. Rfd1 Nc5 15. b3 Ra8 16. Nd5 Re8 17. Bf1 b6 18. Na3 Ra7 19. Nb5 Rb7 20. Rb1 f5 21. exf5 Bxf5 22. Rbc1 Kh8 23. Re1 Ne5 24. Nd4 Bd7 25. Rcd1 Ne6 26. Qf2 Nc5 27. h3 Rf8 28. Qh4 e6 29. Qxd8 Rxd8 30. Nc3 Be8 31. Bf2 Re7 32. Bh4 Rdd7 33. Bxe7 Rxe7 34. Ndb5 1-0